000 01125nam a2200313 a 4500
003 OSt
005 20240122120924.0
008
020 _a9780128053423 (paperback)
040 _aNUST
_cNUST
_bEng
_dNUST
_erda
049 _aMAIN
050 _aQA76.9.U83 HAR
090 _aQA76.9.U83
_bHAR
100 1 _aHartson, Rex.,
_aauthor.
245 1 0 _aThe UX book :
_bagile UX design for a quality user experience/
_c Rex Hartson & Pardha Pyla.
250 _aSecond edition.
260 _aCambridge, MA :
_bMorgan Kaufmann,
_c©2019.
300 _axxvii, 888 pages :
_bcolour illustrations ;
_c24 cm.
336 _atext
_btxt
_2rdacontent
337 _aunmediated
_bn
_2rdamedia
338 _avolume
_bnc
_2rdacarrier
500 _aIncludes index.
504 _aIncludes bibliographical references.
650 1 _aUser interfaces (Computer systems).
650 _aHuman-computer interaction.
650 _aUser interfaces (Computer systems)
_xDesign.
700 _aPyla, Pardha.,
_aauthor.
942 _cBOOKS
_kQA76.9.U83
_mHAR
_2lcc
_eSecond Edition
_hQA76.9.U83 HAR
_n0
999 _c169363
_d169363